| 000 | 00644nam a2200193Ia 4500 | ||
|---|---|---|---|
| 003 | GCL | ||
| 008 | 140319s9999 xx 000 0 ara d | ||
| 040 |
_aGCL / _cGCL |
||
| 082 | 0 | 4 |
_aق _b962 _bع ن |
| 100 | 1 | _aعلى يوسف على | |
| 245 | 1 | 0 |
_aنداء الى عقل الامة دعوة لاستئناف الكفاح الوطنى / _cعلى يوسف على |
| 250 | _aالاولى | ||
| 260 |
_aالقاهرة : _bد. ن ، _c2004 |
||
| 300 |
_a64 ص ؛ _c24 سم |
||
| 650 | 0 | 4 | _aمصر - تاريخ |
| 650 | 0 | 4 | _aمصر - الاحوال السياسية |
| 650 | 0 | 4 | _aمصر - تاريخ - العصر الحديث |
| 942 |
_2ddc _cBK |
||
| 999 |
_c6876 _d6876 |
||